Postřižiny O novom filme Jiřího Menzla podľa literárnej predlohy Bohumila Hrabala

Bibliographic Details
Main Authors: Novák, Jiří (Author), Novák, Milan (Author)
Format: Article
Language:Slovak
Subjects:

MARC

LEADER 00000nab a2200000 a 4500
001 vtls000080639
003 SK-MaSNL
005 20260304053105.0
008 250422c1981 xo 0 slo
015 |a SNBRB19rr/mm-uuuuu 
035 |a CL0090740 
035 |a urn:nbn:sk:snk-ab1bpf 
035 |a (urnnbn)urn:nbn:sk:snk:ar-001s9v 
035 |a (uuid)fc39348b-cc6e-427a-a218-e1012a50415b 
040 |a SNKBUCL  |b slo  |c SNKBUCL  |e AACR2 
041 0 |a slo 
044 |a xo  |c SK 
080 |a 791.43  |2 1981 
100 1 |a Novák, Jiří  |4 aut  |9 358612 
245 1 0 |a Postřižiny  |b O novom filme Jiřího Menzla podľa literárnej predlohy Bohumila Hrabala  |c Jiří Novák ; Milan Novák 
300 |b Obr. 4. 
650 0 7 |a film český  |2 snkbucl  |9 854988 
655 7 |a články z novín a časopisov  |2 snkbucl  |9 267496 
700 1 |a Novák, Milan  |4 aut  |9 155039 
773 0 |t Film a divadlo  |g Roč. 25, č. 4 (1981), s. 16-17 
850 |a Slovenská národná knižnica 
852 |a Slovenská národná knižnica 
954 |a odborná, vedecká literatúra pôvodná (slovenská)  |2 lita 
958 |a article27 
958 |a OND 
958 |a RK 
958 |a EUIPO 
992 |a RBX 
999 |c 2711607  |d 2713537